000 00946nam a22003011a 4500
001 015662510
003 Uk
005 20130320114132.0
007 ta
008 110630s2010 gw a 001 0 eng d
020 _a3527320024
020 _a9783527320028 (hbk.)
082 0 4 _a661.8
_223
_bARP
100 1 _aArpe, Hans-Jürgen.
_932907
240 1 0 _aIndustrielle organische Chemie.
_lEnglish
245 1 0 _aIndustrial Organic Chemistry /
_cHans-Jürgen Arpe.
250 _a5th completely rev. ed.
260 _aWeinheim :
_bWileyVCH,
_c2010.
300 _axxi, 504 p. :
_bill. ;
_c25 cm.
500 _aTranslated from German.
500 _aPrevious editions by Klaus Weissermel, Hans-Jürgen Arpe.
500 _aIncludes index.
650 0 _aChemistry, Organic.
_932908
650 0 _aChemistry, Technical.
_932575
653 _bChe
_cMarch2013
700 1 _aWeissermel, Klaus.
_tIndustrielle organische Chemie.
_932909
942 _2ddc
_cBB
999 _c17380
_d17352